<?xml version="1.0" encoding="UTF-8"?>
<record
    xmlns:xsi="http://www.w3.org/2001/XMLSchema-instance"
    xsi:schemaLocation="http://www.loc.gov/MARC21/slim http://www.loc.gov/standards/marcxml/schema/MARC21slim.xsd"
    xmlns="http://www.loc.gov/MARC21/slim">

  <leader>01500nas a2200277 i 4500</leader>
  <controlfield tag="003">DO-SdBNP</controlfield>
  <controlfield tag="005">20250716160710.0</controlfield>
  <controlfield tag="007">ta</controlfield>
  <controlfield tag="008">250716e2025    dr qn|p|r||||||0| |0spa d</controlfield>
  <datafield tag="040" ind1=" " ind2=" ">
    <subfield code="a">DO-SdBNP</subfield>
    <subfield code="b">spa</subfield>
    <subfield code="c">BNPHU</subfield>
    <subfield code="e">rda</subfield>
  </datafield>
  <datafield tag="041" ind1=" " ind2=" ">
    <subfield code="a">spa</subfield>
  </datafield>
  <datafield tag="110" ind1=" " ind2=" ">
    <subfield code="a">Rep&#xFA;blica Dominicana. Superintendencia de Salud y Riesgos Laborales</subfield>
    <subfield code="9">88376</subfield>
  </datafield>
  <datafield tag="245" ind1=" " ind2=" ">
    <subfield code="a">Observatorio del c&#xE1;ncer : </subfield>
    <subfield code="b">analizamos el impacto de la enfermedad en el SFS /</subfield>
    <subfield code="c">Superintendencia de Salud y Riesgos Laborales.</subfield>
  </datafield>
  <datafield tag="246" ind1=" " ind2=" ">
    <subfield code="a">SISALRIL</subfield>
  </datafield>
  <datafield tag="264" ind1=" " ind2=" ">
    <subfield code="a">Santo Domingo, Rep&#xFA;blica Dominicana : </subfield>
    <subfield code="b">Superintendencia de Salud y Riesgos Laborales, </subfield>
    <subfield code="c">2025.</subfield>
  </datafield>
  <datafield tag="300" ind1=" " ind2=" ">
    <subfield code="a">volumen : </subfield>
    <subfield code="b">ilustraciones, fotograf&#xED;as ; </subfield>
    <subfield code="c">28 cm.</subfield>
  </datafield>
  <datafield tag="310" ind1=" " ind2=" ">
    <subfield code="a">Edici&#xF3;n 1. A&#xF1;o 2025, (enero-marzo). </subfield>
  </datafield>
  <datafield tag="336" ind1=" " ind2=" ">
    <subfield code="a">texto</subfield>
    <subfield code="b">txt</subfield>
    <subfield code="2">rdacontent</subfield>
  </datafield>
  <datafield tag="337" ind1=" " ind2=" ">
    <subfield code="a">sin mediaci&#xF3;n </subfield>
    <subfield code="b">n</subfield>
    <subfield code="2">rdamedia</subfield>
  </datafield>
  <datafield tag="338" ind1=" " ind2=" ">
    <subfield code="a">volumen</subfield>
    <subfield code="b">nc</subfield>
    <subfield code="2">rdacarrier</subfield>
  </datafield>
  <datafield tag="362" ind1=" " ind2=" ">
    <subfield code="a">2025.</subfield>
  </datafield>
  <datafield tag="520" ind1=" " ind2=" ">
    <subfield code="a">Hoy tenemos la satisfacci&#xF3;n de presentarles el primer n&#xFA;mero de SISALRIL AL D&#xCD;A, una revista informativa que nace con la intenci&#xF3;n de mantener a los lectores al tanto de los avances relevantes de la Superintendencia de Salud y Riesgos Laborales (SISALRIL), informaciones in&#xE9;ditas e innovaciones que permiten una gesti&#xF3;n m&#xE1;s eficiente y transparente, para contribuir a mejorar la protecci&#xF3;n en salud y el bienestar de los ciudadanos. </subfield>
  </datafield>
  <datafield tag="650" ind1=" " ind2="0">
    <subfield code="a">Salud</subfield>
    <subfield code="9">1687</subfield>
    <subfield code="v">Publicaci&#xF3;n peri&#xF3;dica</subfield>
  </datafield>
  <datafield tag="650" ind1=" " ind2="0">
    <subfield code="a">Administraci&#xF3;n de servicios de salud</subfield>
    <subfield code="9">13988</subfield>
    <subfield code="v">Publicaci&#xF3;n peri&#xF3;dica</subfield>
  </datafield>
  <datafield tag="942" ind1=" " ind2=" ">
    <subfield code="2">ddc</subfield>
    <subfield code="c">ISSUE</subfield>
  </datafield>
  <datafield tag="952" ind1=" " ind2=" ">
    <subfield code="0">0</subfield>
    <subfield code="1">0</subfield>
    <subfield code="2">ddc</subfield>
    <subfield code="4">0</subfield>
    <subfield code="5">6</subfield>
    <subfield code="7">0</subfield>
    <subfield code="8">SE</subfield>
    <subfield code="a">BNPHU</subfield>
    <subfield code="b">BNPHU</subfield>
    <subfield code="d">2025-07-16</subfield>
    <subfield code="h">Edici&#xF3;n 1. A&#xF1;o 2025, (enero-marzo)</subfield>
    <subfield code="l">0</subfield>
    <subfield code="p">2025-6645</subfield>
    <subfield code="r">2025-07-16</subfield>
    <subfield code="t">e.1</subfield>
    <subfield code="w">2025-07-16</subfield>
    <subfield code="y">ISSUE</subfield>
    <subfield code="z">Revista de la Superintendencia de Salud y Riesgos Laborales.</subfield>
  </datafield>
  <datafield tag="952" ind1=" " ind2=" ">
    <subfield code="0">0</subfield>
    <subfield code="1">0</subfield>
    <subfield code="2">ddc</subfield>
    <subfield code="4">0</subfield>
    <subfield code="5">6</subfield>
    <subfield code="7">0</subfield>
    <subfield code="8">SE</subfield>
    <subfield code="a">BNPHU</subfield>
    <subfield code="b">BNPHU</subfield>
    <subfield code="d">2025-07-16</subfield>
    <subfield code="h">Edici&#xF3;n 1. A&#xF1;o 2025, (enero-marzo)</subfield>
    <subfield code="l">0</subfield>
    <subfield code="p">2025-6646</subfield>
    <subfield code="r">2025-07-16</subfield>
    <subfield code="t">e.2</subfield>
    <subfield code="w">2025-07-16</subfield>
    <subfield code="y">ISSUE</subfield>
    <subfield code="z">Revista de la Superintendencia de Salud y Riesgos Laborales.</subfield>
  </datafield>
  <datafield tag="952" ind1=" " ind2=" ">
    <subfield code="0">0</subfield>
    <subfield code="1">0</subfield>
    <subfield code="2">ddc</subfield>
    <subfield code="4">0</subfield>
    <subfield code="5">6</subfield>
    <subfield code="7">0</subfield>
    <subfield code="8">SE</subfield>
    <subfield code="a">BNPHU</subfield>
    <subfield code="b">BNPHU</subfield>
    <subfield code="d">2025-07-16</subfield>
    <subfield code="h">Edici&#xF3;n 1. A&#xF1;o 2025, (enero-marzo)</subfield>
    <subfield code="l">0</subfield>
    <subfield code="p">2025-6647</subfield>
    <subfield code="r">2025-07-16</subfield>
    <subfield code="t">e.3</subfield>
    <subfield code="w">2025-07-16</subfield>
    <subfield code="y">ISSUE</subfield>
    <subfield code="z">Revista de la Superintendencia de Salud y Riesgos Laborales.</subfield>
  </datafield>
  <datafield tag="999" ind1=" " ind2=" ">
    <subfield code="c">59566</subfield>
    <subfield code="d">59566</subfield>
  </datafield>
</record>
